Statistics for Actors/Actresses That Have Been In A Superhero Movie

Click here to take the quiz!

General Stats

  • This quiz has been taken 41 times
  • The average score is 78 of 230

Answer Stats

CharactersYear of DebutActor/Actress% Correct
Iron Man2008Robert Downey Jr.
100%
Thor2011Chris Hemsworth
93%
Deadpool2016Ryan Reynolds
93%
Green Lantern2011Ryan Reynolds
93%
Doctor Strange2016Benedict Cumberbatch
90%
Black Panther2016Chadwick Boseman
90%
Johnny Storm / Human Torch2005Chris Evans
90%
Captain America2011Chris Evans
90%
Batman2005Christian Bale
90%
Daredevil2003Ben Affleck
83%
Batman2016Ben Affleck
83%
Captain Marvel2019Brie Larson
83%
Batman1997George Clooney
83%
Hulk2012Mark Ruffalo
83%
Batman2022Robert Pattinson
83%
Black Widow2010Scarlett Johansson
83%
Spider-Man2002Tobey Maguire
83%
Spider-Man2012Andrew Garfield
79%
Joker2008Heath Ledger
79%
Starlord2014Chris Pratt
76%
Hulk2008Edward Norton
76%
Joker1989Jack Nicholson
76%
Joker2019Joaquin Phoenix
76%
Batman1989Michael Keaton
76%
Ant Man2015Paul Rudd
76%
Spider-Man2016Tom Holland
76%
Superman1978Christopher Reeve
72%
Nick Fury2010Samuel L. Jackson
72%
Pepper Potts2008Gwyneth Paltrow
69%
Professor X2000Patrick Stewart
69%
Scarlett Witch2014Elizabeth Olsen
66%
Wolverin2000Hugh Jackman
66%
MJ2017Zendaya
66%
Wonder Woman2016Gal Gadot
62%
Superman2013Henry Cavill
62%
Harley Quinn2016Margot Robbie
62%
Dr. Victor Fries / Mr. Freeze1997Arnold Schwarzenegger
59%
The Penguin1992Danny DeVito
59%
Magneto2000Ian McKellen
59%
Joker2016Jared Leto
59%
Dr. Michael Morbius2022Jared Leto
59%
Lucius Fox2005Morgan Freeman
59%
Loki2011Tom Hiddleston
59%
Bruce Wayne / Batman1995Val Kilmer
59%
Blade1998Wesley Snipes
59%
Rocket Racoon2014Bradley Cooper
55%
Patience Phillips / Catwoman2004Halle Berry
55%
Emilia Harcourt2021Jennifer Holland
55%
Hawkeye2012Jeremy Renner
55%
Alfred Pennyworth2005Michael Caine
55%
Groot2014Vin Diesel
55%
Deadshot2016Will Smith
55%
Mystique2011Jennifer Lawrence
52%
Everett K. Ross2016Martin Freeman
52%
Dr. Jane Foster2011Natalie Portman
52%
Catwoman2012Anne Hathaway
48%
Wong2016Benedict Wong
48%
Black Adam2019Dwayne Johnson
48%
Heimdall2011Idris Elba
48%
Bloodsport2021Idris Elba
48%
Edward Nygma / The Riddler1995Jim Carrey
48%
Lucien / Milo2022Matt Smith
48%
Vision2015Paul Bettany
48%
Venom2018Tom Hardy
48%
Poison Ivy1997Uma Thurman
48%
Green Goblin2002Willem Dafoe
48%
Gamora2014Zoe Saldana
48%
Drax2014Dave Bautista
45%
Johnny Blaze / Ghost Rider2007Nicolas Cage
45%
Harvey Dent / Two-Face1995Tommy Lee Jones
45%
Peter Maximoff / Quicksilver2015Aaron Taylor-Johnson
41%
Thena2021Angelina Jolie
41%
Hulk2003Eric Bana
41%
Aquaman2016Jason Momoa
41%
Elektra2005Jennifer Garner
41%
Yon-Rogg2019Jude Law
41%
John Constantine2005Keanu Reeves
41%
King Shark2021Sylvester Stalllone
41%
Stakar Ogord2017Sylvester Stalllone
41%
Falcon2014Anthony Mackie
38%
James Rhodes/War Machine2010Don Cheadle
38%
Susan Storm / Invisible Woman2005Jessica Alba
38%
Nebula2014Karen Gillian
38%
Johnny Storm / Human Torch2015Michael B. Jordan
38%
Killmonger2018Michael B. Jordan
38%
Hank Pym2015Michael Douglas
38%
Winter Soldier2011Sebastian Stan
38%
The Archangel Gabriel2005Tilda Swinton
38%
Ancient One2016Tilda Swinton
38%
Odin2011Anthony Hopkins
34%
The Penguin2022Colin Farrell
34%
Lex Lythor1978Gene Hackman
34%
Peter B. Parker / Spider-Man2018Jake Johnson
34%
Peacemaker2021John Cena
34%
Mary Jane Watson2002Kirsten Dunst
34%
Henri Ducard / Ra's al Ghul2005Liam Neeson
34%
Jor-El2013Russell Crowe
34%
Zeus2022Russell Crowe
34%
Mera2017Amber Heard
31%
Hela2017Cate Blanchett
31%
Steve Trevor2017Chris Pine
31%
Hope van Dyne/The Wasp2015Evangeline Lilly
31%
Mysterio2019Jake Gyllenhaal
31%
Max Dillon2012Jamie Foxx
31%
Reed Richards2022John Krasinski
31%
Thanos2012Josh Brolin
31%
May Parker2016Marisa Tomei
31%
Valkyrie2017Tessa Thompson
31%
Catwoman2022Zoe Kravitz
31%
Katy2021Awkwafina
28%
Phastos2021Brian Tyree Henry
28%
Gwen Stacy2012Emma Stone
28%
Flash2017Ezra Miller
28%
Yelena Belova2021Florence Pugh
28%
Charles Xavier2011James McAvoy
28%
Obadiah Stane2008Jeff Bridges
28%
Harold “Happy” Hogan2008Jon Favreau
28%
Ego2017Kurt Russell
28%
Magneto2011Michael Fassbender
28%
Jean Grey2016Sophie Turner
28%
Korg2017Taika Waititi
28%
Dick Grayson/Robin1995Chris O'Donnell
24%
Maria Hill2012Cobie Smulders
24%
Peter Maximoff / Quicksilver2014Evan Peters
24%
Jean Grey2000Famke Janssen
24%
Sersi2021Gemma Chan
24%
Ultron2015James Spader
24%
Lex Luthor2016Jesse Eisenberg
24%
Jonathan Kent2013Kevin Costner
24%
Blade2021Mahershala Ali
24%
Laurel Hedare2004Sharon Stone
24%
Amanda Waller2016Viola Davis
24%
Lois Lane2013Amy Adams
21%
Alfred Pennyworth2022Andy Serkis
21%
Daredevil2015Charlie Cox
21%
Clea2022Charlize Theron
21%
Scarecrow2005Cillian Murphy
21%
Gilgamesh2021Don Lee
21%
Kitty Pryde / Shadowcat2000Elliot Page
21%
Lex Luthor2006Kevin Spacey
21%
Catwoman1992Michelle Pfeifer
21%
Janet van Dyne2018Michelle Pfeifer
21%
The Riddler2022Paul Dano
21%
Christine Palmer2016Rachel McAdams
21%
Ajak2021Salma Hayek
21%
Erik Selvig2011Stellan Skarsgård
21%
Trevor Slattery2013Ben Kingsley
17%
Agent Coulson2008Clark Gregg
17%
Alexei Shostakov2021David Harbour
17%
Aldrich Killian2013Guy Pearce
17%
Eros2021Harry Styles
17%
Alfred Pennyworth2016Jeremy Irons
17%
Dane Whitman2021Kit Harrington
17%
Jor-El1978Marlon Brando
17%
Ben Grimm / Thing2005Michael Chiklis
17%
Ivan Vanko2010Mickey Rourke
17%
Hank McCoy / Beast2011Nicholas Hoult
17%
Queen Atlanna2018Nicole Kidman
17%
Apocalypse2016Oscar Isaac
17%
Dr. Bolivar Trask2014Peter Dinklage
17%
Eitri2018Peter Dinklage
17%
Ikaris2021Richard Madden
17%
Shang-Chi2021Simu Liu
17%
Shazam2019Zachary Levi
17%
Illyana Rasputin / Magik2020Anya Taylor-Joy
14%
Taneleer Tivan / The Collector2013Benicio del Toro
14%
Zemo2016Daniel Brühl
14%
Poison Ivy1992Drew Barrymore
14%
Peggy Carter2011Hayley Atwell
14%
Scott Summers2000James Marsden
14%
J. Jonah Jameson2021J. K. Simmons
14%
Darcy Lewis2011Kat Dennings
14%
Susan Storm / Invisible Woman2015Kate Mara
14%
Shuri2018Letitia Wright
14%
Nakia2018Lupita Nyong'o
14%
Rahne Sinclair / Wolfsbane2020Maisie Williams
14%
Yondu2014Michael Rooker
14%
General Zod2017Michael Shannon
14%
Mantis2017Pom Klementieff
14%
Angela Dodson2005Rachel Weisz
14%
Melina Vostokoff2021Rachel Weisz
14%
Maya Hansen2013Rebecca Hall
14%
Mystque2000Rebecca Romijn
14%
Alexander Pierce2014Robert Redford
14%
Antiope2017Robin Wright
14%
Kro2021Bill Skarsgård
10%
Okoye2018Danai Gurira
10%
W'Kabi2018Daniel Kaluuya
10%
Martha Kent2013Diane Lane
10%
Ayesha2017Elizabeth Debicki
10%
Sharon Carter2014Emily VanCamp
10%
Roman Sionis2018Ewan McGregor
10%
Gwen Stacy / Spider-Woman2018Hailee Steinfeld
10%
Rick Flag2016Joel Kinnaman
10%
Helena Bertinelli / Huntress2018Mary Elizabeth Winstead
10%
Anne Weying2018Michelle Williams
10%
Reed Richards / Mr. Fantastic2015Miles Teller
10%
Vanessa2016Morena Baccarin
10%
Punisher2008Ray Stevenson
10%
Murray Franklin2019Robert De Niro
10%
Cletus Kasady / Carnage2021Woody Harrelson
10%
Domino2018Zazie Beetz
10%
Ramonda2018Angela Bassett
7%
Druig2021Barry Keoghan
7%
Enchantress2016Cara Delevingne
7%
Karl Mordo2016Chiwetel Ejiofor
7%
Reed Richards / Mr. Fantastic2005Ioan Gruffudd
7%
Ben Grimm / Thing2015Jamie Bell
7%
Maria Rambeau2019Lashana Lynch
7%
Alfred Pennyworth1989Michael Gough
7%
Chas Kramer2005Shia LaBeouf
7%
Monica Rambeau2021Teyonah Parris
7%
M'Baku2018Winston Duke
7%
America Chavez2022Xochitl Gomez
7%
Samuel "Sam" Guthrie / Cannonball2020Charlie Heaton
3%
Roxanne Simpson2007Eva Mendes
3%
Jarvis2015James D'Arcy
3%
Dr. Emil Nicholas2022Jared Harris
3%
Vuk2019Jessica Chastain
3%
Howard Saint2004John Travolta
3%
Kingo2021Kumail Nanjiani
3%
Makkari2021Lauren Ridloff
3%
Ying Nan2021Michelle Yeoh
3%
Taskmaster2021Olga Kurylenko
3%
Jon Osterman / Doctor Manhattan2009Billy Crudup
0%
Arishem2021David Kaye
0%
Quentin Turnbull2010John Malkovich
0%
Sprite2021Lia McHugh
0%
Xu Xialing2021Meng'er Zhang
0%
Blackheart / Legion2007Wes Bentley
0%

Score Distribution

Percentile by Number Answered

Percent of People with Each Score

Your Score History

You have not taken this quiz